000 05891 a2200349 4500
003 Nust
005 20170207154021.0
035 _a(SFX)1000000000035538
040 _cNust
245 1 0 _aIEEE Std 1364.1-2002 (E-BOOK)
_h[Elektronisk resurs]
505 _aOverview 1 References. 3 Definitions 3 Verification methodology 4 Modeling hardware elements 6 Pragmas 16 Syntax 29
651 _aE-BOOK
856 4 0 _uhttp://link.libris.kb.se/sfxbth?url_ver=Z39.88-2004&ctx_ver=Z39.88-2004&ctx_enc=info:ofi/enc:UTF-8&rfr_id=info:sid/sfxit.com:opac_856&url_ctx_fmt=info:ofi/fmt:kev:mtx:ctx&sfx.ignore_date_threshold=1&rft.object_id=1000000000035538&svc_val_fmt=info:ofi/fmt:kev:mtx:sch_svc&
856 4 0 _uhttp://link.libris.kb.se/sfxcthb?url_ver=Z39.88-2004&ctx_ver=Z39.88-2004&ctx_enc=info:ofi/enc:UTF-8&rfr_id=info:sid/sfxit.com:opac_856&url_ctx_fmt=info:ofi/fmt:kev:mtx:ctx&sfx.ignore_date_threshold=1&rft.object_id=1000000000035538&svc_val_fmt=info:ofi/fmt:kev:mtx:sch_svc&
856 4 0 _uhttp://link.libris.kb.se/sfxhib?url_ver=Z39.88-2004&ctx_ver=Z39.88-2004&ctx_enc=info:ofi/enc:UTF-8&rfr_id=info:sid/sfxit.com:opac_856&url_ctx_fmt=info:ofi/fmt:kev:mtx:ctx&sfx.ignore_date_threshold=1&rft.object_id=1000000000035538&svc_val_fmt=info:ofi/fmt:kev:mtx:sch_svc&
856 4 0 _uhttp://link.libris.kb.se/sfxhv?url_ver=Z39.88-2004&ctx_ver=Z39.88-2004&ctx_enc=info:ofi/enc:UTF-8&rfr_id=info:sid/sfxit.com:opac_856&url_ctx_fmt=info:ofi/fmt:kev:mtx:ctx&sfx.ignore_date_threshold=1&rft.object_id=1000000000035538&svc_val_fmt=info:ofi/fmt:kev:mtx:sch_svc&
856 4 0 _uhttp://link.libris.kb.se/sfxkth?url_ver=Z39.88-2004&ctx_ver=Z39.88-2004&ctx_enc=info:ofi/enc:UTF-8&rfr_id=info:sid/sfxit.com:opac_856&url_ctx_fmt=info:ofi/fmt:kev:mtx:ctx&sfx.ignore_date_threshold=1&rft.object_id=1000000000035538&svc_val_fmt=info:ofi/fmt:kev:mtx:sch_svc&
856 4 0 _uhttp://link.libris.kb.se/sfxlaub?url_ver=Z39.88-2004&ctx_ver=Z39.88-2004&ctx_enc=info:ofi/enc:UTF-8&rfr_id=info:sid/sfxit.com:opac_856&url_ctx_fmt=info:ofi/fmt:kev:mtx:ctx&sfx.ignore_date_threshold=1&rft.object_id=1000000000035538&svc_val_fmt=info:ofi/fmt:kev:mtx:sch_svc&
856 4 0 _uhttp://link.libris.kb.se/sfxlibris-hda?url_ver=Z39.88-2004&ctx_ver=Z39.88-2004&ctx_enc=info:ofi/enc:UTF-8&rfr_id=info:sid/sfxit.com:opac_856&url_ctx_fmt=info:ofi/fmt:kev:mtx:ctx&sfx.ignore_date_threshold=1&rft.object_id=1000000000035538&svc_val_fmt=info:ofi/fmt:kev:mtx:sch_svc&
856 4 0 _uhttp://link.libris.kb.se/sfxlibris-higa?url_ver=Z39.88-2004&ctx_ver=Z39.88-2004&ctx_enc=info:ofi/enc:UTF-8&rfr_id=info:sid/sfxit.com:opac_856&url_ctx_fmt=info:ofi/fmt:kev:mtx:ctx&sfx.ignore_date_threshold=1&rft.object_id=1000000000035538&svc_val_fmt=info:ofi/fmt:kev:mtx:sch_svc&
856 4 0 _uhttp://link.libris.kb.se/sfxlibris-hiha?url_ver=Z39.88-2004&ctx_ver=Z39.88-2004&ctx_enc=info:ofi/enc:UTF-8&rfr_id=info:sid/sfxit.com:opac_856&url_ctx_fmt=info:ofi/fmt:kev:mtx:ctx&sfx.ignore_date_threshold=1&rft.object_id=1000000000035538&svc_val_fmt=info:ofi/fmt:kev:mtx:sch_svc&
856 4 0 _uhttp://link.libris.kb.se/sfxliub?url_ver=Z39.88-2004&ctx_ver=Z39.88-2004&ctx_enc=info:ofi/enc:UTF-8&rfr_id=info:sid/sfxit.com:opac_856&url_ctx_fmt=info:ofi/fmt:kev:mtx:ctx&sfx.ignore_date_threshold=1&rft.object_id=1000000000035538&svc_val_fmt=info:ofi/fmt:kev:mtx:sch_svc&
856 4 0 _uhttp://link.libris.kb.se/sfxlnu?url_ver=Z39.88-2004&ctx_ver=Z39.88-2004&ctx_enc=info:ofi/enc:UTF-8&rfr_id=info:sid/sfxit.com:opac_856&url_ctx_fmt=info:ofi/fmt:kev:mtx:ctx&sfx.ignore_date_threshold=1&rft.object_id=1000000000035538&svc_val_fmt=info:ofi/fmt:kev:mtx:sch_svc&
856 4 0 _uhttp://link.libris.kb.se/sfxmah?url_ver=Z39.88-2004&ctx_ver=Z39.88-2004&ctx_enc=info:ofi/enc:UTF-8&rfr_id=info:sid/sfxit.com:opac_856&url_ctx_fmt=info:ofi/fmt:kev:mtx:ctx&sfx.ignore_date_threshold=1&rft.object_id=1000000000035538&svc_val_fmt=info:ofi/fmt:kev:mtx:sch_svc&
856 4 0 _uhttp://link.libris.kb.se/sfxmdh?url_ver=Z39.88-2004&ctx_ver=Z39.88-2004&ctx_enc=info:ofi/enc:UTF-8&rfr_id=info:sid/sfxit.com:opac_856&url_ctx_fmt=info:ofi/fmt:kev:mtx:ctx&sfx.ignore_date_threshold=1&rft.object_id=1000000000035538&svc_val_fmt=info:ofi/fmt:kev:mtx:sch_svc&
856 4 0 _uhttp://link.libris.kb.se/sfxmiu?url_ver=Z39.88-2004&ctx_ver=Z39.88-2004&ctx_enc=info:ofi/enc:UTF-8&rfr_id=info:sid/sfxit.com:opac_856&url_ctx_fmt=info:ofi/fmt:kev:mtx:ctx&sfx.ignore_date_threshold=1&rft.object_id=1000000000035538&svc_val_fmt=info:ofi/fmt:kev:mtx:sch_svc&
856 4 0 _uhttp://link.libris.kb.se/sfxoub?url_ver=Z39.88-2004&ctx_ver=Z39.88-2004&ctx_enc=info:ofi/enc:UTF-8&rfr_id=info:sid/sfxit.com:opac_856&url_ctx_fmt=info:ofi/fmt:kev:mtx:ctx&sfx.ignore_date_threshold=1&rft.object_id=1000000000035538&svc_val_fmt=info:ofi/fmt:kev:mtx:sch_svc&
856 4 0 _uhttp://link.libris.kb.se/sfxprv?url_ver=Z39.88-2004&ctx_ver=Z39.88-2004&ctx_enc=info:ofi/enc:UTF-8&rfr_id=info:sid/sfxit.com:opac_856&url_ctx_fmt=info:ofi/fmt:kev:mtx:ctx&sfx.ignore_date_threshold=1&rft.object_id=1000000000035538&svc_val_fmt=info:ofi/fmt:kev:mtx:sch_svc&
856 4 0 _uhttp://link.libris.kb.se/sfxsub?url_ver=Z39.88-2004&ctx_ver=Z39.88-2004&ctx_enc=info:ofi/enc:UTF-8&rfr_id=info:sid/sfxit.com:opac_856&url_ctx_fmt=info:ofi/fmt:kev:mtx:ctx&sfx.ignore_date_threshold=1&rft.object_id=1000000000035538&svc_val_fmt=info:ofi/fmt:kev:mtx:sch_svc&
856 4 0 _uhttp://link.libris.kb.se/sfxuub?url_ver=Z39.88-2004&ctx_ver=Z39.88-2004&ctx_enc=info:ofi/enc:UTF-8&rfr_id=info:sid/sfxit.com:opac_856&url_ctx_fmt=info:ofi/fmt:kev:mtx:ctx&sfx.ignore_date_threshold=1&rft.object_id=1000000000035538&svc_val_fmt=info:ofi/fmt:kev:mtx:sch_svc&
856 4 0 _uhttp://sfxeu05.hosted.exlibrisgroup.com/46LUB?url_ver=Z39.88-2004&ctx_ver=Z39.88-2004&ctx_enc=info:ofi/enc:UTF-8&rfr_id=info:sid/sfxit.com:opac_856&url_ctx_fmt=info:ofi/fmt:kev:mtx:ctx&sfx.ignore_date_threshold=1&rft.object_id=1000000000035538&svc_val_fmt=info:ofi/fmt:kev:mtx:sch_svc&
942 _2ddc
_cBK
999 _c191699
_d191699